<?xml version="1.0" encoding="UTF-8"?>
<collection xmlns="http://www.loc.gov/MARC21/slim">
 <record>
  <leader>01702nam a2200217Ia 4500</leader>
  <controlfield tag="001">CTU_185445</controlfield>
  <controlfield tag="008">210402s9999    xx            000 0 und d</controlfield>
  <datafield tag="082" ind1=" " ind2=" ">
   <subfield code="a">633.18</subfield>
  </datafield>
  <datafield tag="082" ind1=" " ind2=" ">
   <subfield code="b">H523</subfield>
  </datafield>
  <datafield tag="088" ind1=" " ind2=" ">
   <subfield code="a">606201</subfield>
  </datafield>
  <datafield tag="100" ind1=" " ind2=" ">
   <subfield code="a">Nguyễn, Xuân Huy</subfield>
  </datafield>
  <datafield tag="245" ind1=" " ind2="0">
   <subfield code="a">Ảnh hưởng của biện pháp kết hợp tưới ướt - khô xen kẽ, kỹ thuật gieo trồng và liều lượng phân lân trên lúa và liều lượng phân lân trên lúa 3 vụ ở vùng đất phèn tại Tà Đảnh - Tri Tôn - An Giang :</subfield>
  </datafield>
  <datafield tag="245" ind1=" " ind2="0">
   <subfield code="b">Luận văn tốt nghiệp cao học. Ngành Khoa học Cây trồng</subfield>
  </datafield>
  <datafield tag="245" ind1=" " ind2="0">
   <subfield code="c">Nguyễn Xuân Huy ; Lê Văn Hoà, Phạm Phước Nhẫn (cán bộ hướng dẫn)</subfield>
  </datafield>
  <datafield tag="260" ind1=" " ind2=" ">
   <subfield code="a">Cần Thơ</subfield>
  </datafield>
  <datafield tag="260" ind1=" " ind2=" ">
   <subfield code="b">Trường Đại học Cần Thơ</subfield>
  </datafield>
  <datafield tag="260" ind1=" " ind2=" ">
   <subfield code="c">2013</subfield>
  </datafield>
  <datafield tag="520" ind1=" " ind2=" ">
   <subfield code="a">Xác định việc tưới ướt khô xen kẽ có thể tiết kiệm nước và duy trì năng suất giống lúa OM7347 và nâng cao hiệu quả sử dụng nước vụ Đông Xuân 2013 - 2014, theo dõi ảnh hưởng việc giảm lượng lân đến năng suât lúa từ vụ Đông Xuân 2011 - 2012 cho tới vụ Đông Xuân 2012 - 2013, và xác định phương pháp cấy có thể rút ngắn thời gian trồng ngoài đồng và tăng chống chịu đổ ngã so với gieo sạ.</subfield>
  </datafield>
  <datafield tag="650" ind1=" " ind2=" ">
   <subfield code="a">Lân,Gieo trồng,Irrigation,Phosphates,Planting (Plant culture),Tưới tiêu</subfield>
  </datafield>
  <datafield tag="904" ind1=" " ind2=" ">
   <subfield code="i">Bích Phượng, Trúc</subfield>
  </datafield>
  <datafield tag="980" ind1=" " ind2=" ">
   <subfield code="a">Trung tâm Học liệu Trường Đại học Cần Thơ</subfield>
  </datafield>
 </record>
</collection>
